000 01826nam a2200265Ia 4500
999 _c54695
_d54695
001 21762
003 GE_BSU
005 20220302171916.0
008 181216s ||||ge |||||||||||||| ||geo||
040 _cGE_BSU
041 _ageo
080 _a811.111'367 მ-47
100 _aმეგრელიშვილი, მ.
_913585
245 _aენის სინტაქსური სისტემა :
_bშეპირისპირებითი კვლევის ობიექტი /
_cმ. მეგრელიშვილი ; რედ. მ. ბასიაშვილი.
264 _aთბილისი :
_bგანათლება,
_c1980.
300 _a150 გვ. ;
_c21 სმ.
500 _aწინამდებარე წიგნში წარმოდგენილი უარყოფითი კონსტრუქციების სტრუქტურულ-სემანტიკური შეპირისპირებითი ანალიზი ქართულ და ინგლისურ ენებში არკვევს ამ ორი არამონათესავე ენის გამოხატულებისა და შინაარსის პლანებს
504 _aბიბლიოგრაფია გვ.148 (11დასახ.)
653 _aენის სინტაქსური სისტემა
653 _aშეპირისპირებითი კვლევის ობიექტი
653 _aინგლისური ენის სინტაქსი
653 _aქართული ენის სინტაქსი
700 _aბასიაშვილი, მ.
_eრედაქტორი
_913586
942 _cBK
_2udc